00425nam a2200157Ia 45000010006000000050017000060080041000230410008000640820016000721000027000882450099001152600009002143000028002236500008002516540008002591083020260306161901.0260306t1994||||xx |||||||||||||| ||spa|| aESP a973.61bF34 aFeder, Kenneth L.eAUT 2aA village of outcasts:bhistorical archaeology and documentary research at the lighthouse site c1994 a230 páginas :c23 cm. aGEN aCHU